ISCHEMIA - REPERFUSION EFFECT ON COCHLEAR FUNCTION. AN ANIMAL MODEL

Bibliographic Details
Main Authors: Lisowska, Grazyna (Author), Niemczyk, Kazimierz (Author), Morawski, Krzysztof (Author)
Format: Article
Language:English

MARC

LEADER 00000nab a2200000uu 4500
001 vtls010903112
003 SK-MaSNL
005 20260303142439.0
008 230222|2006 xo |||||||||||||||||eng|
015 |a SNBRB 
035 |a (urnnbn)urn:nbn:sk:snk:ar-a07q30 
035 |a (uuid)95026ddc-df9d-43dd-a06a-73e24152791d 
035 |a urn:nbn:sk:snk-ab8u7y 
040 |a SNKBUCL  |b slo  |c SNKBUCL  |e AACR2 
041 0 |a eng 
044 |a xo  |c SK 
100 1 |a Lisowska, Grazyna  |4 aut  |9 1162755 
245 1 0 |a ISCHEMIA - REPERFUSION EFFECT ON COCHLEAR FUNCTION. AN ANIMAL MODEL  |c Grazyna Lisowska, Kazimierz Niemczyk, Krzysztof Morawski 
700 1 |a Niemczyk, Kazimierz  |4 aut  |9 1162756 
700 1 |a Morawski, Krzysztof  |4 aut  |9 1162758 
773 0 |t Acta medica Martiniana : journal for biomedical sciences, clinical medicine and nursing  |g Roč. 6, č. 2 (2006), s. 16-20 
958 |a OND 
958 |a EUIPO 
958 |a article10 
999 |c 1982956  |d 1984886